000 00396nam a22001697a 4500
005 20160614120627.0
008 160614b xxu||||| |||| 00| 0 eng d
020 _a1403-90859-1
041 _aeng
082 _b7400
100 _asingh, DNB
_91875
245 _aDonot diga arave and hury your career
260 _bMac Millan
_c2009
300 _a186
650 _aManagement
_9241
942 _cBK
999 _c2637
_d2636